00501nam a2200169 i 4500001000400000100003500004245007100039260005400110300002900164490002300193650002300216650001200239830002300251040000800274041000800282008004100290bgj1 aBAUM, Lyman Frankd(1856-1919)10aThe Land of Oz :ba sequel to "The Wizard of Oz" /cL. Frank Baum. aNew York :bAirmont Publishing Company,cc. 1969. a160 pp :bill. ;c18 cm.1 aAn Airmont Classic 9aChildren's stories 9aFantasy aAn Airmont Classic cBPK0 aeng s uk f |000 0 eng